WORLD WIDE INVENTORY PROJEKT ÉS A KÉSZLETKONTROLLING KAPCSOLATA A BOSCH-NÁL

Bibliográfiai részletek
Szerző: Karsai Csaba
További közreműködők: Ilyés Dr. Csaba
Dokumentumtípus: Diplomadolgozat
Kulcsszavak:kontrollingrendszer továbbfejlesztése
Kontrolling
Vállalatirányítási rendszerek
SAP, vállalatiránytási rendszerek, integrált vállalatirányítási rendszerek
Készletezés
Online Access:http://dolgozattar.uni-bge.hu/11658

MARC

LEADER 00000nta a2200000 i 4500
001 dolg11658
005 20170516104950.0
008 170516suuuu hu om 000 hun d
040 |a BGE Dolgozattár Repozitórium  |b hun 
041 |a hu 
100 1 |a Karsai Csaba 
245 1 0 |a WORLD WIDE INVENTORY PROJEKT ÉS A KÉSZLETKONTROLLING KAPCSOLATA A BOSCH-NÁL  |c Karsai Csaba  |h [elektronikus dokumentum] 
246 1 1 |a WORLD WIDE INVENTORY PROJEKT ÉS A KÉSZLETKONTROLLING KAPCSOLATA A BOSCH-NÁL 
695 |a kontrollingrendszer továbbfejlesztése 
695 |a Kontrolling 
695 |a Vállalatirányítási rendszerek 
695 |a SAP, vállalatiránytási rendszerek, integrált vállalatirányítási rendszerek 
695 |a Készletezés 
700 1 |a Ilyés Dr. Csaba  |e ths 
856 4 0 |u http://dolgozattar.uni-bge.hu/11658/1/BGE-szakdolgozat_Karsai_Csaba_repo.pdf  |z Dokumentum-elérés 
856 4 0 |u http://dolgozattar.uni-bge.hu/11658/2/Karsai%20Csaba_titkos%C3%ADt%C3%A1s_BGE.pdf  |z Dokumentum-elérés